Loading...

Selected papers /

Bibliographic Details
Corporate Author: Afro Asian Housing Congress (1975), New Delhi India
Format: Printed Book
Language:English
LEADER 00375nam a2200097Ia 4500
008 121027s9999 xx 000 0 eng d
082 |a 334.1  |b AFR/S 
110 |a Afro Asian Housing Congress (1975), New Delhi India 
245 |a Selected papers / 
999 |c 70122  |d 70122 
952 |0 0  |1 0  |4 0  |6 334_100000000000000_AFR_S  |7 0  |9 70099  |a UL  |b UL  |c ST1  |d 2012-10-27  |l 0  |o 334.1 AFR/S  |p G997  |r 2012-10-27  |w 2012-10-27  |y BK